Statistiques concernant Afrique - Série 07

Cliquez ici pour prendre le quiz!

Statistiques générales

  • Ce quiz a été pris 143 fois
  • Le résultat moyen est 5 sur 10

Statistiques - réponses

QuestionRéponse% Correct
Capitale de la LibyeTripoli
88%
De quel pays, anciennement colonie britannique, est le père de Barack Obama ?Kenya
76%
Capitale de l'ErythréeAsmara
56%
Quel pays est le plus gros producteur de cacao du continent ?Côte d'Ivoire
55%
Comment appelle-t-on les habitants du Burkina Faso ?Burkinabés
54%
Quel pays africain n'a jamais connu de coup d'état ?Sénégal
31%
Dans quel pays trouve-t-on l'hôpital de Lambaréné créé par le Docteur Schweitzer ?Gabon
31%
De quel produit agricole le Ghana est-il le deuxième producteur mondial ?Cacao
31%
Deuxième plus grand lac du continentTanganyka
18%
Dans quel pays trouve-t-on le volcan "Nyragongo" ?République Démocratique du Congo
17%

Distribution des résultats

Percentile par nombre de réponses

% des personnes avec chaque résultat

Votre développement - résultats

Vous n’avez pas pris ce quiz